[Event "Logumkloster op"]
[Site "Logumkloster"]
[Date "2019.05.07"]
[Round "5"]
[White "Posselt, Karl"]
[Black "Ambog, Ejvind Osterby"]
[Result "0-1"]
[WhiteElo "1588"]
[BlackElo "1889"]
[PlyCount "60"]
[EventDate "2019.03.26"]
[EventType "swiss"]
[EventRounds "7"]
[EventCountry "DEN"]
[SourceTitle "EXT 2020"]
[Source "ChessBase"]
[SourceDate "2019.10.17"]
[SourceVersion "1"]
[SourceVersionDate "2019.10.17"]
[SourceQuality "1"]

1. d4 f5 2. c4 Nf6 3. Nc3 e6 4. e3 Bb4 5. Bd2 0-0 6. Nf3 b6 7. g3 Bb7 8. Bg2 d6 9. 0-0 a5 10. Re1 Bxc3 11. Bxc3 Ne4 12. Nd2 Nxc3 13. bxc3 Bxg2 14. Kxg2 Nd7 15. Qb3 Qe8 16. Qb5 Qf7 17. Rf1 Kh8 18. Qc6 Rac8 19. Rae1 e5 20. Qa4 g5 21. f4 gxf4 22. exf4 e4 23. Re3 Nf6 24. h3 d5 25. Rc1 Rg8 26. c5 Rg7 27. Kf2 Qh5 28. Qd1 Qxh3 29. Qh1 Ng4+ 30. Ke2 Qxh1 0-1

[Event "Logumkloster op"]
[Site "Logumkloster"]
[Date "2019.04.23"]
[Round "3"]
[White "Posselt, Karl"]
[Black "Christensen, Benny1111"]
[Result "1-0"]
[WhiteElo "1588"]
[BlackElo "1733"]
[PlyCount "119"]
[EventDate "2019.03.26"]
[EventType "swiss"]
[EventRounds "7"]
[EventCountry "DEN"]
[SourceTitle "EXT 2020"]
[Source "ChessBase"]
[SourceDate "2019.10.17"]
[SourceVersion "1"]
[SourceVersionDate "2019.10.17"]
[SourceQuality "1"]

1. d4 c5 2. d5 d6 3. c4 g6 4. Nc3 Bg7 5. Nf3 Nd7 6. Bf4 Ngf6 7. h3 0-0 8. e3 Re8 9. Qc2 Nf8 10. Bd3 e5 11. Bg5 h6 12. Bh4 Qa5 13. 0-0 a6 14. Nd2 Qc7 15. Rae1 N8d7 16. b3 Nh5 17. g4 g5 18. Bxg5 hxg5 19. gxh5 Nf6 20. Bf5 Nxh5 21. Qe4 Nf6 22. Qf3 Qe7 23. Nde4 Bxf5 24. Qxf5 Nxe4 25. Nxe4 f6 26. Kh2 Rad8 27. Rh1 Qf7 28. Ng3 b5 29. e4 Kf8 30. Qf3 Qg6 31. Nf5 Kf7 32. Kg2 Rh8 33. Re3 Bh6 34. Qe2 g4 35. Rg3 gxh3+ 36. Rhxh3 Bg5 37. Nxd6+ Ke7 38. Nf5+ Kf7 39. Qg4 Rh7 40. Rxh7+ Qxh7 41. Rh3 Qg6 42. Kf1 bxc4 43. bxc4 Rb8 44. Rb3 Rxb3 45. axb3 a5 46. Nd6+ Kg7 47. Qd7+ Kh6 48. Nf7+ Kh5 49. Qh3+ Bh4 50. Qf3+ Qg4 51. Qxg4+ Kxg4 52. d6 Kf4 53. d7 f5 54. exf5 Kxf5 55. d8Q Bxd8 56. Nxd8 Ke4 57. Ke2 Kd4 58. Nc6+ Kc3 59. Nxa5 Kb4 60. Nc6+ 1-0

[Event "Logumkloster-ch"]
[Site "Logumkloster"]
[Date "2018.05.22"]
[Round "6"]
[White "Posselt, Karl"]
[Black "Baagoe, Hans Chr"]
[Result "1/2-1/2"]
[WhiteElo "1614"]
[BlackElo "1671"]
[PlyCount "41"]
[EventDate "2018.04.03"]
[EventType "swiss"]
[EventRounds "7"]
[EventCountry "DEN"]
[SourceTitle "EXT 2020"]
[Source "ChessBase"]
[SourceDate "2019.10.17"]
[SourceVersion "1"]
[SourceVersionDate "2019.10.17"]
[SourceQuality "1"]

1. b3 d5 2. e3 Nf6 3. Bb2 e6 4. f4 Nc6 5. Nf3 h6 6. Be2 Bc5 7. Nc3 a6 8. a3 d4 9. Na4 Ba7 10. exd4 Nxd4 11. Nxd4 Bxd4 12. Bf3 Rb8 13. Bxd4 Qxd4 14. Nc3 0-0 15. Ne2 Qd6 16. 0-0 Rd8 17. d4 b5 18. c3 c5 19. Kh1 cxd4 20. Qxd4 Qe7 21. Qe3 1/2-1/2

[Event "Logumkloster A"]
[Site "Oster Hojst"]
[Date "2017.05.09"]
[Round "3"]
[White "Posselt, Karl"]
[Black "Baagoe, Hans Chr"]
[Result "1/2-1/2"]
[WhiteElo "1541"]
[BlackElo "1608"]
[PlyCount "77"]
[EventDate "2017.04.04"]
[EventType "tourn"]
[EventRounds "5"]
[EventCountry "DEN"]
[SourceTitle "EXT 2023"]
[Source "ChessBase"]
[SourceDate "2022.10.05"]
[SourceVersion "1"]
[SourceVersionDate "2022.10.05"]
[SourceQuality "1"]

1. e4 c5 2. Nf3 Nc6 3. d4 cxd4 4. Nxd4 a6 5. Be3 Nf6 6. Nc3 e5 7. Nb3 Bb4 8. f3 d6 9. Qd2 Be6 10. Be2 Rc8 11. 0-0 Qe7 12. a3 Bc5 13. Nxc5 dxc5 14. Na4 Nd4 15. Bxd4 cxd4 16. b3 0-0 17. Rfc1 b5 18. Nb2 Bd7 19. c3 Be6 20. cxd4 Rxc1+ 21. Rxc1 exd4 22. Qxd4 Rd8 23. Qc3 Qxa3 24. Nd3 Qe7 25. b4 Bc4 26. Nf4 Bxe2 27. Nxe2 h6 28. Ra1 Qd6 29. Kf1 Qxh2 30. Rxa6 Rd1+ 31. Kf2 Qh4+ 32. Ke3 Qg5+ 33. Kf2 Qh4+ 34. Ke3 Rf1 35. Qc8+ Kh7 36. Qf5+ Kh8 37. Ra8+ Ng8 38. Qxf7 Qf2+ 39. Kf4 1/2-1/2

[Event "Vojens Autumn"]
[Site "Vojens"]
[Date "2016.09.12"]
[Round "6"]
[White "Posselt, Karl"]
[Black "Larsson, Mogens K"]
[Result "0-1"]
[WhiteElo "1517"]
[BlackElo "1866"]
[PlyCount "134"]
[EventDate "2016.09.12"]
[EventType "swiss (rapid)"]
[EventRounds "7"]
[EventCountry "DEN"]
[SourceTitle "EXT 2024"]
[Source "ChessBase"]
[SourceDate "2023.10.10"]
[SourceVersion "1"]
[SourceVersionDate "2023.10.10"]
[SourceQuality "1"]

1. e4 Nf6 2. e5 Nd5 3. c4 Nb6 4. c5 Nd5 5. d4 d6 6. cxd6 exd6 7. Nf3 dxe5 8. Nxe5 Bb4+ 9. Bd2 Qe7 10. Bc4 Bxd2+ 11. Qxd2 Be6 12. 0-0 0-0 13. Nc3 Nxc3 14. bxc3 f6 15. Bxe6+ Qxe6 16. Nd3 Nd7 17. Rfe1 Qd6 18. Re3 Rae8 19. Rae1 Rxe3 20. Qxe3 Nb6 21. Nf4 Nd5 22. Nxd5 Qxd5 23. Qe6+ Qxe6 24. Rxe6 Kf7 25. Re2 Rd8 26. f4 b6 27. Kf2 Rd7 28. g4 c5 29. dxc5 bxc5 30. h4 Rd3 31. Rb2 Ke6 32. Re2+ Kd6 33. f5 Rxc3 34. Re6+ Kd5 35. Ra6 Ke4 36. Rxa7 Kf4 37. a4 Rc2+ 38. Ke1 Kxg4 39. Rxg7+ Kxh4 40. Rxh7+ Kg5 41. Rc7 Kxf5 42. a5 Kf4 43. a6 Ra2 44. Rxc5 Rxa6 45. Rc4+ Ke3 46. Rc3+ Kd4 47. Rc8 Ra2 48. Rd8+ Ke4 49. Re8+ Kf4 50. Rb8 f5 51. Rf8 Ke4 52. Re8+ Kf3 53. Rb8 Re2+ 54. Kf1 Re3 55. Rh8 f4 56. Rh3+ Ke4 57. Rh4 Ra3 58. Rh8 Ra1+ 59. Kf2 Ra2+ 60. Kf1 Kf3 61. Ke1 Ra1+ 62. Kd2 Kg2 63. Kd3 Re1 64. Kd2 Re5 65. Rg8+ Kf2 66. Rh8 Kg2 67. Rg8+ Kf1 0-1

[Event "Logumkloster-chA"]
[Site "Logumkloster"]
[Date "2015.04.21"]
[Round "3"]
[White "Clausen, Hans Jorgen"]
[Black "Posselt, Karl"]
[Result "1-0"]
[WhiteElo "1612"]
[BlackElo "1603"]
[PlyCount "103"]
[EventDate "2015.04.07"]
[EventType "tourn"]
[EventRounds "5"]
[EventCountry "DEN"]
[SourceTitle "EXT 2023"]
[Source "ChessBase"]
[SourceDate "2022.10.05"]
[SourceVersion "1"]
[SourceVersionDate "2022.10.05"]
[SourceQuality "1"]

1. d4 d5 2. Nf3 g6 3. e3 Bg7 4. c4 c6 5. Nc3 Bg4 6. cxd5 cxd5 7. Be2 Nc6 8. Qb3 Bxf3 9. Bxf3 e6 10. Qxb7 Nge7 11. Qb5 0-0 12. 0-0 f5 13. a3 Na5 14. b4 Nc4 15. Qa6 Rf6 16. Qa4 Nc8 17. Qb3 Bf8 18. Be2 N8b6 19. Na4 Nxa4 20. Qxa4 a5 21. b5 Nb6 22. Qc2 Rc8 23. Qd2 Nc4 24. Bxc4 Rxc4 25. a4 Bb4 26. Qa2 Qc7 27. Ba3 Rc2 28. Qb1 Bxa3 29. Rxa3 Rf8 30. g3 Rc8 31. Ra2 Rc4 32. Ra1 Qb6 33. Qd1 Kf7 34. h4 h5 35. Kg2 Ke7 36. Qf3 Kd7 37. Qf4 Qd8 38. Rfb1 Qe7 39. Qf3 Kc7 40. Rc1 Kb6 41. Rxc4 Rxc4 42. Qf4 Qc7 43. Qh6 Qf7 44. Qh8 Kb7 45. Qd8 Rc7 46. Qd6 Ka8 47. Qa6+ Kb8 48. Qxa5 Qe7 49. b6 Rc6 50. Qb5 Qb7 51. a5 Kc8 52. Rb1 1-0

[Event "Sonderjysk-ch B"]
[Site "Haderslev"]
[Date "2013.06.03"]
[Round "7"]
[White "Posselt, Karl"]
[Black "Asmund, Erik"]
[Result "1/2-1/2"]
[WhiteElo "1607"]
[BlackElo "1444"]
[PlyCount "34"]
[EventDate "2013.04.29"]
[EventType "tourn"]
[EventRounds "7"]
[EventCountry "DEN"]
[SourceTitle "EXT 2023"]
[Source "ChessBase"]
[SourceDate "2022.10.05"]
[SourceVersion "1"]
[SourceVersionDate "2022.10.05"]
[SourceQuality "1"]

1. f4 d5 2. Nf3 Nf6 3. e3 Bg4 4. Be2 c6 5. d4 Nbd7 6. 0-0 e6 7. Nbd2 Be7 8. Ne5 Bf5 9. Ndf3 Ne4 10. g4 Bg6 11. Nxd7 Qxd7 12. Ne5 Qc7 13. f5 f6 14. Bd3 fxe5 15. Bxe4 dxe4 16. fxg6 hxg6 17. Qe2 exd4 1/2-1/2

[Event "Sonderjysk-ch B"]
[Site "Haderslev"]
[Date "2013.04.29"]
[Round "1"]
[White "Clausen, Hans Jorgen"]
[Black "Posselt, Karl"]
[Result "1-0"]
[WhiteElo "1576"]
[BlackElo "1607"]
[PlyCount "79"]
[EventDate "2013.04.29"]
[EventType "tourn"]
[EventRounds "7"]
[EventCountry "DEN"]
[SourceTitle "EXT 2023"]
[Source "ChessBase"]
[SourceDate "2022.10.05"]
[SourceVersion "1"]
[SourceVersionDate "2022.10.05"]
[SourceQuality "1"]

1. d4 f5 2. Nf3 Nf6 3. c4 e6 4. Nc3 c6 5. Bg5 Be7 6. e3 0-0 7. Be2 d5 8. 0-0 Nbd7 9. h3 Ne4 10. Bxe7 Qxe7 11. Qc2 Rf6 12. cxd5 exd5 13. Nh4 Nf8 14. Nxe4 fxe4 15. g4 Rh6 16. Ng2 Rxh3 17. f4 Ng6 18. Kf2 Nh4 19. Rh1 Rxh1 20. Rxh1 Nxg2 21. Kxg2 Be6 22. a3 Rf8 23. Qc5 Qxc5 24. dxc5 b6 25. cxb6 axb6 26. Kg3 c5 27. Rd1 Rd8 28. f5 Bf7 29. Kf4 Kf8 30. Bb5 Ke7 31. Ke5 Be8 32. Bxe8 Kxe8 33. Rxd5 Rxd5+ 34. Kxd5 Kd7 35. Kxe4 Kd6 36. Kf4 h6 37. e4 b5 38. e5+ Ke7 39. g5 hxg5+ 40. Kxg5 1-0

[Event "Logumkloster-chA"]
[Site "Logumkloster"]
[Date "2012.04.17"]
[Round "3"]
[White "Posselt, Karl"]
[Black "Karstensen, Christian"]
[Result "0-1"]
[WhiteElo "1612"]
[BlackElo "1912"]
[PlyCount "72"]
[EventDate "2012.03.27"]
[EventType "tourn"]
[EventRounds "5"]
[EventCountry "DEN"]
[SourceTitle "EXT 2023"]
[Source "ChessBase"]
[SourceDate "2022.10.05"]
[SourceVersion "1"]
[SourceVersionDate "2022.10.05"]
[SourceQuality "1"]

1. f4 d5 2. Nf3 g6 3. e3 Bg7 4. d4 Nf6 5. Bd3 0-0 6. 0-0 b6 7. Ne5 Nfd7 8. Nd2 c5 9. c3 Bb7 10. Qf3 Nxe5 11. dxe5 e6 12. g4 Nd7 13. Qg3 Qc7 14. h4 f6 15. Bb5 fxe5 16. Bxd7 Qxd7 17. Nf3 exf4 18. exf4 d4 19. Bd2 Qd5 20. Rae1 Qxa2 21. h5 Qxb2 22. hxg6 Bxf3 23. gxh7+ Kh8 24. Bc1 Qg2+ 25. Qxg2 Bxg2 26. Kxg2 dxc3 27. Rxe6 b5 28. f5 Bd4 29. g5 Rae8 30. Rfe1 Rxe6 31. fxe6 Kxh7 32. e7 Re8 33. Re6 b4 34. Rh6+ Kg7 35. g6 b3 36. Bg5 b2 0-1

[Event "Sonderjysk EMT B"]
[Site "Sonderborg"]
[Date "2012.03.06"]
[Round "5"]
[White "Asmund, Erik"]
[Black "Posselt, Karl"]
[Result "1/2-1/2"]
[WhiteElo "1477"]
[BlackElo "1584"]
[PlyCount "29"]
[EventDate "2012.01.17"]
[EventType "tourn"]
[EventRounds "7"]
[EventCountry "DEN"]
[SourceTitle "EXT 2023"]
[Source "ChessBase"]
[SourceDate "2022.10.05"]
[SourceVersion "1"]
[SourceVersionDate "2022.10.05"]
[SourceQuality "1"]

1. e4 e5 2. Nf3 Nc6 3. Bc4 Bc5 4. d3 d6 5. c3 Nf6 6. 0-0 0-0 7. h3 h6 8. Be3 Bxe3 9. fxe3 Na5 10. Nbd2 Nxc4 11. Nxc4 b5 12. Ncd2 Bb7 13. Qe1 Qe7 14. Nh4 Bc8 15. Nf5 1/2-1/2

[Event "Sonderjysk EMT B"]
[Site "Sonderborg"]
[Date "2012.01.31"]
[Round "2"]
[White "Posselt, Karl"]
[Black "Jansson, Sten Olof"]
[Result "1/2-1/2"]
[WhiteElo "1584"]
[BlackElo "1645"]
[PlyCount "41"]
[EventDate "2012.01.17"]
[EventType "tourn"]
[EventRounds "7"]
[EventCountry "DEN"]
[SourceTitle "EXT 2023"]
[Source "ChessBase"]
[SourceDate "2022.10.05"]
[SourceVersion "1"]
[SourceVersionDate "2022.10.05"]
[SourceQuality "1"]

1. e4 c5 2. Nf3 d6 3. d4 cxd4 4. Nxd4 Nf6 5. Nc3 a6 6. Be2 e5 7. Nb3 b5 8. f3 Bb7 9. a3 Nbd7 10. Be3 Be7 11. 0-0 0-0 12. Qe1 g6 13. Rd1 Qc7 14. Nc1 Rfd8 15. Nd3 Nb6 16. Nb4 d5 17. exd5 Bxb4 18. axb4 Nbxd5 19. Nxd5 Nxd5 20. Bd3 Nxe3 21. Qxe3 1/2-1/2